Statistics for Clash Royale Most Used Cards

Click here to take the quiz!

General Stats

  • This quiz has been taken 519 times
  • The average score is 2 of 11

Answer Stats

PercentageRarityCard% Correct
58%CommonZap
78%
52%LegendaryPrincess
52%
54%RareHog Rider
31%
34%CommonArrows
18%
40%CommonSkeletons
12%
56%RareElixir Collector
11%
50%CommonCannon
10%
48%CommonGoblins
10%
38%CommonMinions
10%
34%CommonMinion Horde
7%
34%EpicFreeze
6%

Score Distribution

Percentile by Number Answered

Percent of People with Each Score

Your Score History

You have not taken this quiz